Catálogo

EN LA ISLA DESIERTA : (Registro nro. 53187)

Detalles MARC
000 -LEADER
fixed length control field 00833nam a2200205 a 4500
001 - CONTROL NUMBER
control field 53187
005 - DATE AND TIME OF LATEST TRANSACTION
control field 20180714043334.0
008 - FIXED-LENGTH DATA ELEMENTS--GENERAL INFORMATION
fixed length control field 140415s2008 mx 000 0 spa d
020 ## - INTERNATIONAL STANDARD BOOK NUMBER
International Standard Book Number 9789707141520
041 ## - LANGUAGE CODE
Language code of text/sound track or separate title spa
082 ## - DEWEY DECIMAL CLASSIFICATION NUMBER
Classification number 864
Item number CUR
245 00 - TITLE STATEMENT
Title EN LA ISLA DESIERTA :
Remainder of title UNA LECTURA DE LA OBRA DE SALVADOR ELIZONDO
250 ## - EDITION STATEMENT
Edition statement 1a ed.
260 ## - PUBLICATION, DISTRIBUTION, ETC.
Place of publication, distribution, etc. MEXICO :
Name of publisher, distributor, etc. ALDUS,
Date of publication, distribution, etc. 2008
300 ## - PHYSICAL DESCRIPTION
Extent 225
Dimensions 14.2 x 2.5 x 20.5
490 ## - SERIES STATEMENT
Series statement AUTORES, TEXTOS Y TEMAS HERMENEUSIS
520 ## - SUMMARY, ETC.
Summary, etc. EN LA OBRA DE SALVADOR ELIZONDOEL CONCEPTO Y LA PRACTICA DE LA ESCRITURA IMPLICAN ROMPER CON LA IDEA TRADICIONAL QUE LA LITERATURA TENGA FORZOSAMENTE ALGO QUE DECIR Y QUE, ADEMAS, ESE ALGO SE EXPRESE POR MEDIOS DE GENEROS ESPECIFICOS.
650 14 - SUBJECT ADDED ENTRY--TOPICAL TERM
Topical term or geographic name entry element LITERATURA MEXICANA
General subdivision NOVELA MEXICANA
700 1# - ADDED ENTRY--PERSONAL NAME
Personal name CURLEY, DERMOT F.
Relator term coaut.
Existencias
Withdrawn status Lost status Source of classification or shelving scheme Damaged status Not for loan Collection code Home library Current library Shelving location Date acquired Source of acquisition Inventory number Total Checkouts Full call number Barcode Date last seen Price effective from Koha item type
    Dewey Decimal Classification     General Biblioteca Karol Wojtyla Biblioteca Karol Wojtyla Sala general 03/12/2013 Compra 151000000000000000034998   864 CUR 79129 05/01/2026 03/12/2013 Libro